000 01314nam a2200229Ia 4500
999 _c41439
_d41439
001 8103
003 GE_BSU
005 20240307154532.0
008 181216s2013 ge |||||||||||||| ||geo||
020 _a9789941434389
040 _cGE_BSU
041 _ageo
080 _a636.002.5(075.8) რ-94
100 _aრუსეიშვილი, რ.
_921369
245 _aმეცხოველეობის ფერმების მექანიზაცია :
_bსალექციო კურსი, მეთოდ. მითითებები პრაქტ. სამუშაოების შესასრულებლად, სამაგალითო საგამოცდო ტესტები /
_cრ. რუსიეშვილი, რ. მარგალიტაძე ; რედ. ოთარ თედორაძე.
264 _aბათუმი :
_bბათუმის შოთა რუსთაველის სახ.უნ–ტი,
_c2013.
300 _a279 გვ. ;
_bნახ., ცხრ. ;
_c29 სმ.
541 _h6ლ.40თ.
653 _aმეცხოველეობის ფერმების მექანიზაცია
700 _aმარგალიტაძე, რ.
_eავტორი
_96245
942 _cBK
_2udc